000 01214nmm a2200313 a 4500
001 0000021153
003 CO-CtgCURN
005 20250510150234.0
007 co cga---uuuuu
008 160627s2005 i eng d
020 _a9586907856
040 _aCO-CtgCURN
_bspa
_ccoctgcurn
082 0 _a342.09
_bH37r
100 1 _aHerrera Matiz, Cristobal.
245 1 0 _aRegimen municipal y departamental comentado
_h[electronic resource] /
_cCristobal Herrera Matiz.
250 _a6a ed.
260 _aBogotá :
_bLeyer,
_c2005.
300 _a1682 p. + 1 Cd-Rom.
336 _2rdacontent
337 _2rdamedia
_asin mediacion
_bn
338 _2rdacarrier
_avolumen
_bnc
500 _aIncluye indice.
505 8 _aRegimen constitucional de las entidades territoriales.--Regimen municipal.--Regimen departamental.--De los gobernadores y sus funciones.--De los bienes y rentas departamentales.--De las entidadesm descentralizadas
650 0 _aReforma administrativa
_vHistoria
_zColombia.
908 _a160627
942 _cBK
_h342.09
_iH37r
_2ddc
_n0
999 _c19251
_d19251